Πρόταση για σχεδιασμό ευέλικτου και προσιτού συστήματος επίπλωσης για χρήστες που αλλάζουν συχνά κατοικία : διπλωματική εργασία
Υπάρχουν ομάδες χρηστών νεαρής ηλικίας που στήνουν εφήμερα νοικοκυριά και αναγκάζονται να μετακομίζουν συχνά. Αυτοί οι χρήστες έχουν ανάγκη από έπιπλα τα οποία είναι ευέλικτα και χαμηλού κόστους ώστε να υποστηρίζουν τον απαιτητικό τρόπο ζωής τους. Στην παρούσα εργασία παρουσιάζεται εκτενής έρευνα αν...
Αποθηκεύτηκε σε:
| Κύριος συγγραφέας: | |
|---|---|
| Συγγραφή απο Οργανισμό/Αρχή: | |
| Άλλοι συγγραφείς: | |
| Μορφή: | Thesis Βιβλίο |
| Γλώσσα: | Greek |
| Δημοσίευση: |
2013
|
| Θέματα: | |
| Διαθέσιμο Online: | http://hdl.handle.net/11610/9060 |
| Ετικέτες: |
Προσθήκη ετικέτας
Δεν υπάρχουν, Καταχωρήστε ετικέτα πρώτοι!
|
MARC
| LEADER | 00000cam a2200000 i 4500 | ||
|---|---|---|---|
| 001 | 1/29972 | ||
| 008 | 130523s2013 gre d | ||
| 035 | |l 10114476 | ||
| 040 | |a GR-MY-UA |b gre |e aacr | ||
| 041 | 0 | |a gre | |
| 082 | 0 | |a 749 |2 (22) | |
| 100 | 1 | |a Τσαμπικάκης, Ελευθέριος. | |
| 245 | 1 | 0 | |a Πρόταση για σχεδιασμό ευέλικτου και προσιτού συστήματος επίπλωσης για χρήστες που αλλάζουν συχνά κατοικία : |b διπλωματική εργασία / |c Τσαμπικάκης Ελευθέριος ; επιβλέπων καθηγητής: Φωτιάδης Σέργιος |
| 260 | |c 2013 | ||
| 300 | |a 143 φύλλα; |b εικ.; |c 30 εκ. | ||
| 500 | |a Διάθεση πλήρους κειμένου ελεύθερης πρόσβασης με κλειδωμένη τη δυνατότητα αντιγραφής του κειμένου | ||
| 502 | |a Πτυχιακή εργασία – Πανεπιστήμιο Αιγαίου, Σύρος, 2013. | ||
| 504 | |a Βιβλιογραφία: σ. 137-138 | ||
| 520 | |a Υπάρχουν ομάδες χρηστών νεαρής ηλικίας που στήνουν εφήμερα νοικοκυριά και αναγκάζονται να μετακομίζουν συχνά. Αυτοί οι χρήστες έχουν ανάγκη από έπιπλα τα οποία είναι ευέλικτα και χαμηλού κόστους ώστε να υποστηρίζουν τον απαιτητικό τρόπο ζωής τους. Στην παρούσα εργασία παρουσιάζεται εκτενής έρευνα αναφορικά με τις ανάγκες επίπλωσης των συγκεκριμένων χρηστών και προτείνεται ένα σύστημα επίπλωσης που τις ικανοποιεί. | ||
| 650 | 0 | 0 | |a Furniture design. |
| 650 | 0 | 0 | |a Room layout (Dwellings) |
| 650 | 0 | 0 | |a Dissertations, Academic |z Greece. |
| 700 | 1 | |a Φωτιάδης, Σέργιος. |4 ths | |
| 710 | 2 | |a Πανεπιστήμιο Αιγαίου. |b Τμήμα Μηχανικών Σχεδίασης Προϊόντων και Συστημάτων. | |
| 852 | |a INST |b SYROS |c DIATR |e 20130523 |h 749 ΤΣΑ |p 005500010745 |q 005500010745 |t DIE |y 23 | ||
| 852 | |a INST |b SYROS |c DIATR |e 20130523 |h 749 ΤΣΑ |p 005500010746 |q 005500010746 |t DIE |y 23 | ||
| 856 | |u http://hdl.handle.net/11610/9060 | ||
| 901 | |a BIBL5-2012-1 | ||
| 909 | |a Ε |b 174244 | ||
| 909 | |a Ε |b 174245 | ||
| 924 | |a ΤΣΑΜΠΙΚΑΚΗΣ |b ΕΛΕΥΘΕΡΙΟΣ |y ΣΥΡΟΣ |z 2013-04 | ||
| 970 | |a ΚΟΝΤΟΥ |b ΠΑΡΑΣΚΕΥΗ |z 2013/05/23 | ||